00788nam a2200241Ia 4500999001500000001000900015003000600024005001700030008004100047035002000088040001300108050001800121082001700139092001700156100002200173245005500195260006100250300003000311610005100341650002000392942001200412952012200424 c5417d541711720017OCoLC20190103183259.0850221s1935 mou 000 0 eng d a(OCoLC)11720017 aTCTcTCT 4aBV4501b.W618 4a289.9bW617M a289.97bW6181 aWhitney, Frank B.10aMightier than circumstance /cby Frank B. Whitney. aKansas City, Mo. :bUnity School of Christianity,c1935. a155 p. :bport. ;c20 cm.20aUnity school of Christianity, Kansas City, Mo. 0aChristian life. 2ddccBK 00102ddc40708NFICaHMCbHMCcGENd2019-01-03g350.00l0o289.9 W617Mp006151r2019-01-03 00:00:00w2019-01-03yBK